| 000 | 00542nam a2200181Ia 4500 | ||
|---|---|---|---|
| 003 | GCL | ||
| 008 | 140319s9999 xx 000 0 ara d | ||
| 040 |
_aGCL / _cGCL |
||
| 082 | 0 | 4 |
_a372.86 _bم ت |
| 100 | 1 | _aمحمد صبحى حسانين | |
| 245 | 1 | 0 |
_aالتقويم والقياس: فى التربية البدنية / _cمحمد صبحى حسانين |
| 300 | _a491 ص | ||
| 490 | _a | ||
| 650 | 0 | 4 | _aطرق التدريس |
| 650 | 0 | 4 | _aالالعاب الرياضية |
| 650 | 0 | 4 | _aالتربية البدنية |
| 942 |
_2ddc _cBK |
||
| 999 |
_c38909 _d38909 |
||